Normal view
MARC view
Entry Topical Term
001 - CONTROL NUMBER
- control field: 44085
003 - CONTROL NUMBER IDENTIFIER
- control field: OSt
005 - DATE AND TIME OF LATEST TRANSACTION
- control field: 20240311160515.0
008 - FIXED-LENGTH DATA ELEMENTS
- fixed length control field: 240311|| aca||aabn | a|a d
040 ## - CATALOGING SOURCE
- Original cataloging agency: OSt
- Transcribing agency: OSt
150 ## - HEADING--TOPICAL TERM
- Topical term or geographic name entry element: Anganwadi workers, Women labours
670 ## - SOURCE DATA FOUND
- Source citation: Work cat.: (OSt)523868: Gandham, Mamatha 44084, Invaluable Yet undervalued Anganwadi workers, organising to be recognised
